| 000 -LEADER |
| fixed length control field |
00836nmm a2200253 a 4500 |
| 001 - CONTROL NUMBER |
| control field |
5004464 |
| 005 - DATE AND TIME OF LATEST TRANSACTION |
| control field |
20180313081842.0 |
| 008 - FIXED-LENGTH DATA ELEMENTS--GENERAL INFORMATION |
| fixed length control field |
971030s1998 cau f b eng |
| 010 ## - LIBRARY OF CONGRESS CONTROL NUMBER |
| LC control number |
97803191 |
| 020 ## - INTERNATIONAL STANDARD BOOK NUMBER |
| International Standard Book Number |
0070276447 |
| 020 ## - INTERNATIONAL STANDARD BOOK NUMBER |
| International Standard Book Number |
0075611198 (adhesive label affixed to container) |
| 040 ## - CATALOGING SOURCE |
| Original cataloging agency |
DLC |
| Transcribing agency |
DLC |
| 041 ## - LANGUAGE CODE |
| Language code of text/sound track or separate title |
eng |
| 080 ## - UNIVERSAL DECIMAL CLASSIFICATION NUMBER |
| Universal Decimal Classification number |
658.8 WEI |
| 082 10 - DEWEY DECIMAL CLASSIFICATION NUMBER |
| Classification number |
658.8 WEI |
| Edition number |
13 |
| 100 ## - Rafti |
| Rafti |
54 |
| 101 ## - Shkurtesa |
| Shkurtesa |
MAN |
| 245 10 - TITLE STATEMENT |
| Title |
GoldMine contact management software |
| Statement of responsibility, etc |
by GoldMine Software Corporation. |
| 246 1# - VARYING FORM OF TITLE |
| Display text |
Title on container: |
| Title proper/short title |
GoldMine software |
| 256 ## - COMPUTER FILE CHARACTERISTICS |
| Computer file characteristics |
Computer program. |
| 906 ## - LOCAL DATA ELEMENT F, LDF (RLIN) |
| a |
7 |
| b |
cbc |
| c |
orignew |
| d |
u |
| e |
ncip |
| f |
19 |
| g |
y-gencompf |
| 942 ## - ADDED ENTRY ELEMENTS (KOHA) |
| Source of classification or shelving scheme |
|
| Item type |
Books |